01517nam a22004217a 4500003000400000005001700004008004100021040002200062082001800084100003400102245006900136260002900205300001900234366000800253490002400261505001700285505002200302505001500324505001800339505002400357505001800381505001800399505001800417505002600435505002700461505009200488505001700580650004600597650004400643650005500687650004800742650004300790650004500833651004400878942002900922999001500951952012900966OSt20230519102222.0221006b |||||||| |||| 00| 0 eng d cBiblioteca Lado V a701.18bA658t 9828aAraeen, Rasheedeeditora aThird Text/bCriticalPerspectives on Contemporary Art & Culture/ bRoutledgec2002aLondres c19x25cma112p. eeng a57v2002x0952-8822 aBulent Diken aMerryl Wyn Davies aIan Mclean aVanessa Corby aWendy Meryem K Shaw aJames Swinson aAlana Jelinek aBernard Smith aNikos Paperstergiadis aForumgRachel Garfield aReviewsgMichael Richardson Zeigam Azizov Tina Sotiriadi Beral Madra Mario Pissarra aContributors 2Tesauro de Arte & ArquitecturaaARTE9703 2Tesauro de Arte & ArquitecturaaCRITICA 2Tesauro de Arte & ArquitecturaaARTE CONTEMPORANEO 2Tesauro de Arte & ArquitecturaaAPRECIACION 2Tesauro de Arte & ArquitecturaaTEORIA 2Tesauro de Arte & ArquitecturaaANALISIS 2Tesauro de Arte & ArquitecturaaLONDRES 2ddcc1h701.18iA658tn0 c3644d3644 00102ddc3200240708RevistasaLVbLVd2023-05-19h57i003764l0o701.18 A658tp003764r2023-05-19 00:00:00w2023-05-19y1